| 000 | 00920nam a2200253 a 4500 | ||
|---|---|---|---|
| 001 | 1306 | ||
| 003 | BR-CuiBMT | ||
| 005 | 20231204221524.0 | ||
| 008 | 231204s2007 mtb 000 0 por d | ||
| 020 | _a858989858 | ||
| 040 |
_aBR-CuiBMT _cBR-CuiBMT |
||
| 080 |
_22007 _a343.211:639.2 _x(817.2) |
||
| 090 |
_a343.211:639.2(817.2) _bC966p |
||
| 100 | 1 | _aCuiabano, Renata Maciel | |
| 245 | 2 |
_aO princípio da insignificância diante da criminalização da pesca profissional em Mato Grosso a partir da filosofia de Enrique Dussel / _cRenata Maciel Cuiabano. |
|
| 260 |
_aMato Grosso : _bUnemat , _c2007. |
||
| 300 |
_a140 p.: _c22 cm |
||
| 504 | _aInclui bibliografia. | ||
| 650 |
_aDireito penal _xprincípio da insignificância |
||
| 650 |
_aPesca _xprincípio da insignificância _zMato Grosso |
||
| 650 | _aCrime ambiental | ||
| 650 |
_aPesca profissional _xcriminalização _zMato Grosso |
||
| 942 |
_2udc _cLV |
||
| 999 |
_c1306 _d1306 |
||